00952nam a2200193Ia 4500008004100000020001800041050002200059100001500081245006200096250001100158260002800169300001500197500006200212505026500274650007100539700003200610952009900642999001700741121028s9999 xx 000 0 und d a9968-37-071-1 aTK5105.5 L68 2004 aLowe, Doug aRedes para dummies / Doug Lowe ; trad. Roxana Gutiérrez a6a ed. aMéxico : ST Editorial axx, 384 p. aTraducción de: Networking for dummies Incluye índices aIntroducción Parte I. Elementos básicos: una guía para el usuario de la red Cap. 1. Las redes no tomarán control del mundo y otros elemtos básicos de la red Cap. 2. Vida en la red Cap. 3. Utilizar una impresora de la red Cap. 4. Convertirse en servid aRedes de computadoras \ 2. Administración de redes \ 3. Internet aGutiérrez, Roxana, tr.Ì 00104070a14b14d2009-02-10l0oTK5105.5 L68 2004p14 001865r2012-10-28t1w2012-10-28yLB c84792d84792